000 00607nam a2200181Ia 4500
003 GCL
008 140319s9999 xx 000 0 ara d
040 _aGCL /
_cGCL
082 0 4 _aش ف
_b791.43
_bن هـ
100 1 _aناجى انجلو
245 1 0 _aالهاربات (شرائط فيديو) /
_cناجى انجلو
260 _aالقاهرة :
_bالفرسان للانتاج والتوزيع
300 _a1 شريط فيديو:
_bلو ؛
_c1\2 بوصة
650 0 4 _aالافلام العربية
650 0 4 _aالفيديو، أشرطة
650 0 4 _aافلام الدراما
942 _2ddc
_cVM
999 _c4277
_d4277